000 01077nam a2200229Ia 4500
999 _c38313
_d38313
001 4323
003 GE_BSU
005 20191004104352.0
008 181216s1965||||ge |||||||||||||| ||geo||
040 _cGE_BSU
041 _ageo
080 _a336.7(075.8) ქ–62
100 _aქოიავა, ნ.
_94490
245 _aსსრ კავშირის ფულის მიმოქცევა და კრედიტი :
_bდამხმ. სახელმძღვ. უნ-ტის ეკონ. ფაკ-ტის სტუდენტებისათვის /
_cრედ. ი. ხუციშვილი.
264 _aთბილისი :
_bგანათლება,
_c1965.
300 _a206 გვ.;
_b22 სმ.
653 _aფულის მიმოქცევა სსრ კავშირში
653 _aსახელმძღვანელო
653 _aკრედიტი სსრ კავშირში
700 _aხუციშვილი, ი.
_eრედაქტორი
_94472
942 _cBK
_2udc